| 000 | 00900nam a22001817a 4500 | ||
|---|---|---|---|
| 999 |
_c59175 _d59175 |
||
| 003 | Ge_BSU | ||
| 005 | 20221202102240.0 | ||
| 008 | 221202s1984ge xxu||||| |||| 00| 0 geo d | ||
| 041 | _ageo | ||
| 080 | _a94(=353.1) (620) ს-50 | ||
| 100 |
_aსილაგაძე, ბენიამინ, ავტ. _916299 |
||
| 245 |
_aქართველი მამლუქები ეგვიპტის დამოუკიდებლობისათვის ბრძოლაში 1798-1807 წლებში / _cბენიამინ სილაგაძე , |
||
| 264 |
_aთბილისი : _b მეცნიერება, _c1984. |
||
| 300 |
_a223 გვ. ; _b20 სმ. |
||
| 653 | _aქართველი მამლუქები ეგვიპტეში. | ||
| 653 | _aეგვიპტის ისტორია -- 1798-1807 წ.წ. | ||
| 942 |
_2udc _cBK |
||